• 首页
  • 本馆介绍
  • 公告通知
  • 最新文献
  • 馆藏检索
  • 电子资源
  • 读者导购
  • 参考咨询
  • 我的图书馆
  • 登录
  • 详细信息显示
  • 放入我的书架
  • 预约/预借图书
  • 作者相关作品
  • 分类相关作品
  • 丛书相关作品
  • 出版社相关作品

书目信息

  • 表格格式
  • 工作单格式
  • 卡片格式
题名:
花卉装饰技术
    
 
作者: 朱迎迎 主编
分册:  
出版信息: 北京   高等教育出版社  2005
页数: 167页
开本: 26cm
丛书名:
单 册:
中图分类: S688.2
科图分类:
主题词: 花卉装饰--高等教育--教材 , 花卉装饰
电子资源:
ISBN: 978-7-04-016859-4
000 00918nam0 2200253 45
001 1354530796
005 20130510093505.65
010    @a978-7-04-016859-4@dCNY22.50
100    @a20130108d2005 em y0chiy0110 ea
101 0  @achi
102    @aCN@b110000
105    @aa z 000yy
106    @ar
200 1  @a花卉装饰技术@AHua Hui Zhuang Shi Ji Shu@f朱迎迎主编@FZhu Ying Ying Zhu Bian
210    @a北京@c高等教育出版社@d2005
215    @a167页@c图@d26cm
300    @a教育部职业教育与成人教育司推荐教材 五年制高等职业教育园林专业教学用书
330    @a本书为四色印刷,全面介绍了利用花卉装饰的各种基本技术,主要内容为花卉装饰概论,花卉装饰的基本知识,插花技艺,场景花卉装饰、花坛设计与养护花境设计与养护。
606 0  @a花卉装饰@x高等教育@j教材
606 0  @a花卉装饰
690    @aS688.2@v5
701  0 @a朱迎迎@AZhu Ying Ying@g(插花)@4主编
801    @aCN@bTANGWEI@c20130109
905    @b0830632-36@dS688.2@e228@f5
    
    花卉装饰技术/朱迎迎主编.-北京:高等教育出版社,2005
    167页:图;26cm
    教育部职业教育与成人教育司推荐教材 五年制高等职业教育园林专业教学用书
    
    ISBN 978-7-04-016859-4:CNY22.50
    本书为四色印刷,全面介绍了利用花卉装饰的各种基本技术,主要内容为花卉装饰概论,花卉装饰的基本知识,插花技艺,场景花卉装饰、花坛设计与养护花境设计与养护。
●
相关链接 在E读中查询图书 在五车中查询图书 在当当中查询图书 在豆瓣中查询图书


正题名:花卉装饰技术     索取号:S688.2/228         预约/预借

序号 登录号 条形码 馆藏地/架位号 状态 备注
1 0830632   208306322   第二样本阅览室/ [索取号:S688.2/228] 在馆    
2 0830633   208306331   第三借阅区/ [索取号:S688.2/228] 在馆    
3 0830634   208306340   第三借阅区/ [索取号:S688.2/228] 在馆    
4 0830635   208306359   第三借阅区/ [索取号:S688.2/228] 在馆    
5 0830636   208306368   第三借阅区/ [索取号:S688.2/228] 在馆    
唐山师范学院图书馆 欢迎您!
大连网信软件有限公司© 版权所有